Nuevos Estudios (Registro nro. 4169)
[ vista simple ]
| 000 -LEADER | |
|---|---|
| fixed length control field | 01744 a2200193 4500 |
| 001 - CONTROL NUMBER | |
| control field | 46272 |
| 005 - DATE AND TIME OF LATEST TRANSACTION | |
| control field | 20260407155734.0 |
| 008 - FIXED-LENGTH DATA ELEMENTS--GENERAL INFORMATION | |
| fixed length control field | 260407a1981 arg spa d |
| 003 - CONTROL NUMBER IDENTIFIER | |
| control field | AR-UNSa-BCEJYS |
| 040 ## - CATALOGING SOURCE | |
| Original cataloging agency | AR-UNSa-BCEJYS |
| Language of cataloging | spa |
| Transcribing agency | AR-UNSa-BCEJYS |
| 080 ## - UNIVERSAL DECIMAL CLASSIFICATION NUMBER | |
| Universal Decimal Classification number | 330.8 |
| Common auxiliary subdivision | Historia de las teorías, Doctrinas, Dogmas económicos (pensamiento económico) |
| 100 1# - MAIN ENTRY--PERSONAL NAME | |
| Personal name | Hayek, Friedrich A. |
| 245 10 - TITLE STATEMENT | |
| Title | Nuevos Estudios |
| Name of part/section of a work | en filosofía, política, economía e historia de las ideas |
| 264 #1 - PRODUCTION, PUBLICATION, DISTRIBUTION, MANUFACTURE, AND COPYRIGHT NOTICE | |
| Place of production, publication, distribution, manufacture | Buenos Aires : |
| Name of producer, publisher, distributor, manufacturer | EUDEBA (Editorial Universitaria de Buenos Aires) |
| Date of production, publication, distribution, manufacture, or copyright notice | 1981 |
| 300 ## - PHYSICAL DESCRIPTION | |
| Extent | 271 p. |
| Dimensions | 23 cm. |
| 505 ## - FORMATTED CONTENTS NOTE | |
| Formatted contents note | Primera Parte. Filosofía: 1. Los errores del constructivismo – 2. La pretensión de conocimiento – 3. La primacía de lo abstracto – 4. Dos tipos de mente – 5. El atavismo de la justicia social – Segunda Parte. Política: 6. La confusión del lenguaje en el pensamiento político – 7. La constitución de un estado liberal – 8. Libertad económica y gobierno representativo -9. El liberalismo – 10. ¿Adónde va la democracia? – Tercera Parte. Economía política: 11. Tres elucidades del efecto Ricardo – 12. La competencia como procedimiento de descubrimiento – 13. La campaña contra la inflación Keynesiana – 14. La nueva confusión sobre “planificación” – Cuarta Parte. Historia de las ideas: 15. El Dr. Bernard Mandeville – 16. El mensaje de Adam Smith en el lenguaje actual – 17. El lugar que ocupa el concepto de Grundsätze de Menger en la historia del pensamiento económico – 18. Recuerdos personales de Keynes y “La Revolución Keynesiana” – 19. Una vez más, naturaleza vs. Educación – 20. Socialismo y ciencia – |
| 590 ## - LOCAL NOTE (RLIN) | |
| Local note | niveau_biblio:m niveau_hierar:0 |
| 942 ## - ADDED ENTRY ELEMENTS (KOHA) | |
| Koha item type | |
| Withdrawn status | Lost status | Damaged status | Not for loan | Home library | Current library | Shelving location | Date acquired | Total checkouts | Full call number | Barcode | Date last seen | Price effective from | Koha item type |
|---|---|---|---|---|---|---|---|---|---|---|---|---|---|
| Biblioteca Prof. Eusebio Cleto del Rey | Biblioteca Prof. Eusebio Cleto del Rey | 07/04/2026 | 330.8 H417 | L33753 | 07/04/2026 | 07/04/2026 | Libro |